Task of banks in fight against money laundering

Saved in:
Bibliographic Details
Main Author: Jančíková, Eva, 1960-
Format: Book Chapter
Language:English
Tags: Add Tag
No Tags, Be the first to tag this record!

MARC

LEADER 00000naa$a2200000$$$4500
001 0126289
005 20240502083319.4
041 0 |a eng 
044 |a CZ 
245 1 0 |a Task of banks in fight against money laundering  |c Eva Jančíková 
100 1 |a Jančíková, Eva, 1960-